| 000 | 01042nam a22002417a 4500 | ||
|---|---|---|---|
| 003 | OSt | ||
| 005 | 20250905094935.0 | ||
| 008 | 231023b ||||| |||| 00| 0 eng d | ||
| 040 | _c0 | ||
| 082 | _aDPer 155.205 J826 January-March 2020 v. 118 n. 1-3 | ||
| 100 |
_aWitkower, Zachary. _eauthor. _949758 |
||
| 245 |
_aTwo signals of social rank : _bprestige and dominance are associated with distinct nonverbal displays / _cZachary Witkower, Jessica L. Tracy, and Joey T. Cheng. |
||
| 260 |
_aWashington ; _bAmerican Psychological Association , _cJanuary 2020. |
||
| 300 |
_avolume 118, pages 89-120 : _billustration ; _c28 cm. |
||
| 500 | _aJournal of Personality and Social Psychology, vol. 118, no. 1, pages 89-120, January 2020. | ||
| 650 |
_aSignals and signaling. _949755 |
||
| 650 |
_aNonverbal communications. _949759 |
||
| 700 |
_aWitkower, Zachary. _eauthor. _949758 |
||
| 700 |
_aTracy, Jessica L. _eauthor. _949760 |
||
| 700 |
_aCheng, Joey T. _eauthor. _949761 |
||
| 700 |
_aHenrich, Joseph. _eauthor. _965657 |
||
| 942 |
_2ddc _cPER |
||
| 999 |
_c18374 _d18374 |
||